Periodismo cuando la verdad no sea distorcionada / (Registro nro. 14220)
[ vista simple ]
| 000 -LIDER | |
|---|---|
| fixed length control field | 00530nam a22001697a 4500 |
| 003 - IDENTIFICACDOR DE NÚMERO DE CONTROL | |
| control field | DO-SdBNP |
| 005 - DATE AND TIME OF LATEST TRANSACTION | |
| control field | 20250825141016.0 |
| 008 - ELEMENTOS DE LONGITUD FIJA | |
| fixed length control field | 220606b2017 dr |||| |||| 00| 0 spa d |
| 040 ## - FUENTE DE CATALOGACIÓN | |
| Agencia que crea de manera original el registro | BPMSU |
| Idioma de catalogación | spa |
| Agencia que realiza la transcripción | BPMSU |
| 082 ## - NÚMERO DE CLASIFICACIÓN DECIMAL DE DEWEY | |
| Item number | N714p 2017 |
| 100 ## - ASIENTO PRINCIPAL -- NOMBRE PERSONAL | |
| Nombre personal | Nina Gómez, Carlos |
| 245 ## - MENCIÓN DE TITULO | |
| Título | Periodismo cuando la verdad no sea distorcionada / |
| Mención de responsabilidad | Carlos Nina Gómez |
| Subtítulo | |
| 260 ## - PUBLICACIÓN, DISTRIBUCIÓN, ETC. (PIE DE IMPRENTA) | |
| Lugar de publicación, distribución, etc | Santo Domingo: |
| Fecha de publicación, distribución, etc | 2017, |
| Nombre del editor, distribuidor, etc. | Búoh |
| 300 ## - DESCRIPCIÓN FÍSICA | |
| Extensión | 311p; |
| Otros detalles físicos | il; |
| Dimensiones | 24cm |
| 500 ## - NOTA GENERAL | |
| Nota general | incluye datos biógraficos del autor en la contracubierta del libro |
| 942 ## - ADDED ENTRY ELEMENTS (KOHA) | |
| Source of classification or shelving scheme | Dewey Decimal Classification |
| Koha item type | Libros |
| Withdrawn status | Lost status | Source of classification or shelving scheme | Damaged status | Not for loan | Home library | Current library | Date acquired | Total Checkouts | Full call number | Date last seen | Price effective from | Koha item type |
|---|---|---|---|---|---|---|---|---|---|---|---|---|
| Dewey Decimal Classification | Biblioteca Pública Metropolitana Salomé Ureña | Biblioteca Pública Metropolitana Salomé Ureña | 06/06/2022 | N714p 2017 | 06/06/2022 | 06/06/2022 | Libros |